Geography Questions #21: State to Capital/Capital to State - Statistics

General Stats
  • This quiz has been taken 39 times
    9 since last reset
  • The average score is 39 of 50
Answer Stats
State Capital % Correct
Georgia Atlanta
100%
Colorado Denver
100%
Hawaii Honolulu
100%
Indiana Indianapolis
100%
California Sacramento
100%
Louisiana Baton Rouge
88%
Idaho Boise
88%
Massachusetts Boston
88%
Nevada Carson City
88%
Iowa Des Moines
88%
Delaware Dover
88%
Alaska Juneau
88%
Arkansas Little Rock
88%
Alabama Montgomery
88%
Oklahoma Oklahoma City
88%
Arizona Phoenix
88%
Florida Tallahassee
88%
Kansas Topeka
88%
New York Albany
75%
Maryland Annapolis
75%
Maine Augusta
75%
Texas Austin
75%
Wyoming Cheyenne
75%
Ohio Columbus
75%
New Hampshire Concord
75%
Kentucky Frankfort
75%
Connecticut Hartford
75%
Mississippi Jackson
75%
Nebraska Lincoln
75%
Washington Olympia
75%
Rhode Island Providence
75%
North Carolina Raleigh
75%
Oregon Salem
75%
Utah Salt Lake City
75%
New Mexico Santa Fe
75%
Illinois Springfield
75%
Minnesota St. Paul
75%
New Jersey Trenton
75%
North Dakota Bismarck
63%
West Virginia Charleston
63%
South Carolina Columbia
63%
Pennsylvania Harrisburg
63%
Montana Helena
63%
Missouri Jefferson City
63%
Michigan Lansing
63%
Wisconsin Madison
63%
Vermont Montpelier
63%
Tennessee Nashville
63%
South Dakota Pierre
63%
Virginia Richmond
63%
No matching quizzes found
Score Distribution
Percent of People with Each Score
Percentile by Number Answered
Your Score History
You have not taken this quiz since the last reset